000 00237nam a22001097a 4500
082 _a621.3193 STI'E
100 _aSTIERI, E
_959195
245 _aELECTRICITY
260 _aNEWYORK
_bBARNES AND NOBLE
_c1955
300 _a405P
942 _cBK
999 _c569230
_d569230